LEADER 00912nam a2200193 i 4500 001 000000213967 003 CaOOAMICUS 005 20120618000000.0 008 120618s1776 xx u000 u fre u 013 $a192822 026 $auent 0.1. 2.2. (3) 1776 (R) 040 $aSeMil$bita 245 10$aTome 2. 300 $a580 p. 500 $aSegn. : A-2N8 2O2. 773 0 $aPluquet, François André Adrien $tMémoires pour servir à l'histoire des égaremens de l'esprit humain par rapport à la religion chrétienne, ou Dictionnaire des hérésies, des erreurs et des schismes, précédé d'un Discours dans lequel on recherche quelle a été la religion primitive ..$dA Paris : Chez Didot le jeune : Chez Charles Morin, 1776.$g2$w()26921 850 $aSeMil 852 $aSeMil$W1$xVenegono$y1$m2A I 61 FA$j164395$B164395$CSeMilBibl$Z2$F175409 $8I 996 $6245$aTome 2$9(OLS)http://semarc/title/1533 LEADER 00748nam a2200193 i 4500 001 000000203749 003 CaOOAMICUS 005 20220817105456.0 008 110705s1807 it u000 u ita u 013 $a182464 026 $a5.o. c-on 5.e. lagr (7) 1807 (A) 040 $aSeMil$bita 245 10$aVol. 3. 300 $a391, [1] p. 773 0 $aCaro, Annibale <1507-1566>$tDelle lettere del commendatore Annibal Caro scritte a nome del cardinale Alessandro Farnese.$dMilano : Tip. de' Classici Italiani, contrada di S. Margherita, n.° 1118, 1807.$g3$w()25161 850 $aSeMil 852 $aSeMil$W1$xVenegono$y1$m1G I 24 FA$j154243$B154243$CSeMilBibl$Z2$F165131 $8I 996 $6245$aVol. 3$9(OLS)http://semarc/title/80712